000 00429nam a2200181Ia 4500
003 OSt
005 20240326122457.0
008 210210b1924 xxu||||| |||| 00| 0 eng d
040 _cAL
041 _aeng
082 _a954/130
100 _aHAVEL (E B)
_9156951
245 _aShort history of India
260 _aLondon
_bMacmillan & Co. Ltd.
_c1924
690 _aIndian History
_9156956
906 _a025889
942 _2ddc
_cBK
999 _c151803
_d151803